000 00709cam a22002291 4500
001 ne 64002637
003 DLC
005 20260227111805.0
008 820120s1963 ly 000 0 ara c
010 _ane 64002637
025 _aPL480:UAR-4582R
035 _a(OCoLC)8077629
040 _aPrinceton Univ. Libr.
_cTU
_dTU
_dDLC
050 0 0 _aBP89
_b.K5
100 1 _aKīlānī, Najīb.
245 1 3 _aal-Islāmīyah wa al-madhāhib al-adabīyah
_cbi-qalam Najīb al-Kīlānī.
250 _a[al-Ṭabʻah al-ūlā]
260 _aṬarābulus, Lībyā,
_bMaktabat al-Nūr
_c[1963]
300 _a195 p.
_c20 cm.
650 0 _aIslamic literature
_xHistory and criticism.
650 0 _aReligion and literature.
999 _c47495
_d47495